000 00563nam a2200229Ia 4500
003 OSt
005 20220924152954.0
006 a|||||r|||| 00| 0
007 ta
008 220923b |||||||| |||| 00| 0 guj d
024 _a346263
037 _cTextual
040 _aARTS
_cARTS
_bguj
041 _2guj
_aguj
082 _aO156,2NVAI,1, K6
100 _aVairagi
_9227925
245 0 _aRajni gandhi
260 _c1966
650 _aGUJRATI LITERATURE
942 _hO156,2NVAI,1, K6
_cTEXL
_2CC
999 _c471807
_d471807